000 00389nam a22001577a 4500
003 OSt
005 20240108113153.0
008 221107b xxu||||| |||| 00| 0 eng d
020 _a9788123908939
040 _cIIMT UNIVERSITY , MEERUT
100 _aGARDINER, M DENA
245 _aTHE PRINCIPLES OF EXERCISE THERAPY
260 _aNEW DELHI
_bCBS
_c2022
300 _a385
942 _2ddc
_c02
999 _c55960
_d55960